00640nam a2200205Ia 4500008004100000050001300041050001500054100002100069245012300090245002100213260003100234260001000265260001000275300001600285300002000301300001100321500005600332521002700388999001900415170504s9999 xx 000 0 und d aQA 76.5  b.M188 2016 aMagallon, Kim D. aSGEN food division automated inventory system for southville international school affiliated with foreign university / cKim D. Magallon. aLas Piñas, Philippines : bSISC, c2016. a110 pages : billustrations ; c28 cm. aIncludes bibliographical references and appendices. aInformation Technology c329739d329739